[Event "CAN-op"]
[Site "Sackville CAN"]
[Date "2001.07.15"]
[Round "10"]
[White "Ochkoos, Jura"]
[Black "Urquhart, Eddie"]
[Result "1-0"]
[WhiteElo "2370"]
[BlackElo "2230"]
[PlyCount "57"]
[GameId "2160767911564383"]
[EventDate "2001.07.07"]
[EventType "swiss"]
[EventRounds "10"]
[EventCountry "CAN"]

1. d4 Nf6 2. c4 g6 3. Nc3 d5 4. Nf3 Bg7 5. Bg5 Ne4 6. cxd5 Nxg5 7. Nxg5 e6 8. Qd2 h6 9. Nf3 exd5 10. h4 c6 11. e3 Bf5 12. h5 g5 13. Bd3 Bxd3 14. Qxd3 Nd7 15. O-O-O Qa5 16. Kb1 b5 17. e4 b4 18. Ne2 Kf8 19. e5 Re8 20. Ng3 c5 21. dxc5 b3 22. Qxb3 Nxe5 23. Qxd5 Qb4 24. Rd4 Qb5 25. a4 Qa5 26. Re1 Kg8 27. Nf5 Rb8 28. Rxe5 Qc3 29. Ne7+ 1-0

[Event "CAN-op"]
[Site "Sackville CAN"]
[Date "2001.07.15"]
[Round "10"]
[White "Palmer, Jordan"]
[Black "Villeneuve, Luc"]
[Result "1/2-1/2"]
[WhiteElo "1765"]
[BlackElo "1631"]
[PlyCount "97"]
[GameId "2160767911564384"]
[EventDate "2001.07.07"]
[EventType "swiss"]
[EventRounds "10"]
[EventCountry "CAN"]
[SourceTitle "EXT 2006"]
[Source "ChessBase"]
[SourceDate "2005.11.24"]
[SourceVersion "1"]
[SourceVersionDate "2005.11.24"]
[SourceQuality "1"]

1. e4 d6 2. d4 Nf6 3. Nc3 g6 4. Bc4 Bg7 5. Nf3 O-O 6. O-O Nc6 7. e5 Nd7 8. e6 Nb6 9. exf7+ Kh8 10. Bb3 Na5 11. Ng5 Nxb3 12. axb3 h6 13. Nf3 Be6 14. Be3 Bxf7 15. Qd2 Kh7 16. Ne4 Nd5 17. c4 Nxe3 18. fxe3 d5 19. cxd5 Qxd5 20. Nc5 b6 21. Na6 Qd6 22. Qb4 c5 23. dxc5 bxc5 24. Qxc5 Qxc5 25. Nxc5 Bxb2 26. Rab1 Bg7 27. Nd7 Rfc8 28. Ng5+ hxg5 29. Rxf7 e5 30. Nxe5 Re8 31. Ng4 Kh8 32. Rc1 Rf8 33. Rcc7 Rxf7 34. Rxf7 a5 35. Rb7 Rf8 36. Rb5 Rf5 37. Rxf5 gxf5 38. Nf2 Kg8 39. Kf1 Kf7 40. Ke2 Ke6 41. Kd3 Kd6 42. Nh1 Be5 43. Ng3 Ke6 44. Kc4 f4 45. exf4 Bxf4 46. Kb5 Bc7 47. Kc6 Bd8 48. Ne4 Ke5 49. Nd6 1/2-1/2

[Event "CAN-op"]
[Site "Sackville CAN"]
[Date "2001.07.15"]
[Round "10"]
[White "Palsson, Halldor"]
[Black "Mayo, Alvah"]
[Result "0-1"]
[WhiteElo "2100"]
[BlackElo "2103"]
[PlyCount "118"]
[GameId "2160767911564385"]
[EventDate "2001.07.07"]
[EventType "swiss"]
[EventRounds "10"]
[EventCountry "CAN"]
[SourceTitle "EXT 2002"]
[Source "ChessBase"]
[SourceDate "2001.11.25"]
[SourceVersion "1"]
[SourceVersionDate "2001.11.25"]
[SourceQuality "1"]

1. d4 g6 2. c4 Bg7 3. Nc3 c5 4. e3 Nf6 5. Nf3 O-O 6. Be2 d6 7. O-O Nc6 8. d5 Ne5 9. Nxe5 dxe5 10. e4 Ne8 11. Bg5 Nd6 12. Rb1 f5 13. f3 f4 14. b4 cxb4 15. Rxb4 Bf6 16. Bxf6 Rxf6 17. Qb3 b6 18. Rb1 Nb7 19. Qb2 Bd7 20. Nd1 Qc7 21. Nf2 Nc5 22. Nd3 Nxd3 23. Bxd3 Rff8 24. Bf1 g5 25. Qf2 Rac8 26. Kh1 Qc5 27. R4b2 Qxf2 28. Rxf2 Rc5 29. h3 h5 30. Rd2 Rf6 31. Kg1 Kf8 32. Rb3 Ra5 33. Kf2 Ke8 34. Rc3 Kd8 35. Ke1 Kc7 36. Kd1 Kd6 37. Kc1 Rg6 38. Kb2 Kc5 39. Ra3 Rxa3 40. Kxa3 g4 41. hxg4 hxg4 42. Kb3 Rh6 43. Kc3 Rh1 44. Be2 Rc1+ 45. Kb2 Rg1 46. Bd1 g3 47. Bb3 Rf1 48. Kc3 Rf2 49. Kd3 Rxd2+ 50. Kxd2 Bh3 51. Ke2 Bxg2 52. a3 Bh3 53. Ba2 Bd7 54. Kf1 Kd4 55. Kg2 b5 56. cxb5 Bxb5 57. Bb3 Ke3 58. Bd1 Be2 59. Bxe2 Kxe2 0-1

[Event "CAN-op"]
[Site "Sackville CAN"]
[Date "2001.07.15"]
[Round "10"]
[White "Parker, Laurie"]
[Black "Drummond, Carlos"]
[Result "1/2-1/2"]
[WhiteElo "1714"]
[BlackElo "1829"]
[PlyCount "40"]
[GameId "2160767911564386"]
[EventDate "2001.07.07"]
[EventType "swiss"]
[EventRounds "10"]
[EventCountry "CAN"]
[SourceTitle "EXT 2006"]
[Source "ChessBase"]
[SourceDate "2005.11.24"]
[SourceVersion "1"]
[SourceVersionDate "2005.11.24"]
[SourceQuality "1"]

1. d4 Nf6 2. c4 g6 3. Nc3 d5 4. Bg5 c6 5. e3 Bg7 6. Nf3 O-O 7. Bxf6 Bxf6 8. cxd5 cxd5 9. Bd3 Nc6 10. h4 h5 11. a3 e5 12. dxe5 Nxe5 13. Qc2 Nxd3+ 14. Qxd3 Bf5 15. Qd2 Rc8 16. Rc1 Qa5 17. O-O Bxc3 18. Rxc3 Rxc3 19. Qxc3 Qxc3 20. bxc3 Rc8 1/2-1/2

[Event "CAN-op"]
[Site "Sackville CAN"]
[Date "2001.07.15"]
[Round "10"]
[White "Ramaswamy, Kiran"]
[Black "Albert, Ede"]
[Result "1-0"]
[WhiteElo "1879"]
[BlackElo "1637"]
[PlyCount "69"]
[GameId "2160767911564387"]
[EventDate "2001.07.07"]
[EventType "swiss"]
[EventRounds "10"]
[EventCountry "CAN"]
[SourceTitle "EXT 2006"]
[Source "ChessBase"]
[SourceDate "2005.11.24"]
[SourceVersion "1"]
[SourceVersionDate "2005.11.24"]
[SourceQuality "1"]

1. c4 g6 2. g3 Bg7 3. Bg2 c5 4. Nc3 Nc6 5. Nf3 e6 6. O-O Nge7 7. e3 O-O 8. h3 a6 9. d4 cxd4 10. Nxd4 Rb8 11. Nce2 f5 12. b3 e5 13. Nxc6 Nxc6 14. Bb2 e4 15. Qd5+ Rf7 16. Bxg7 Kxg7 17. Rfd1 Qf6 18. Nf4 b6 19. Qd6 Rb7 20. Bf1 Qe5 21. h4 Rf6 22. Qa3 Rb8 23. Rac1 Ne7 24. Rd4 b5 25. cxb5 axb5 26. Rc5 d5 27. Nxd5 Nxd5 28. Rcxd5 Qc7 29. Bxb5 Qb7 30. Rd7+ Bxd7 31. Rxd7+ Rf7 32. Rxb7 Rbxb7 33. Bc4 Rfc7 34. Qb2+ Kh6 35. Qe5 1-0

[Event "CAN-op"]
[Site "Sackville CAN"]
[Date "2001.07.15"]
[Round "10"]
[White "Ramaswamy, Kishor"]
[Black "Gillanders, Robert"]
[Result "1-0"]
[WhiteElo "1908"]
[BlackElo "1813"]
[PlyCount "91"]
[GameId "2160767911564389"]
[EventDate "2001.07.07"]
[EventType "swiss"]
[EventRounds "10"]
[EventCountry "CAN"]
[SourceTitle "EXT 2006"]
[Source "ChessBase"]
[SourceDate "2005.11.24"]
[SourceVersion "1"]
[SourceVersionDate "2005.11.24"]
[SourceQuality "1"]

1. d4 Nf6 2. Nf3 g6 3. Bg5 Bg7 4. Nbd2 O-O 5. e3 d6 6. c3 Bg4 7. h3 Bxf3 8. Qxf3 Nbd7 9. Qxb7 Rb8 10. Qxa7 Rxb2 11. Qa3 Qb8 12. Bd3 Qb7 13. Bxf6 Nxf6 14. Nb3 Qxg2 15. Rf1 Rxb3 16. Qxb3 Qxh3 17. a4 Ng4 18. a5 Nxe3 19. fxe3 Qxe3+ 20. Be2 Bxd4 21. Rf3 Qg1+ 22. Bf1 Be5 23. Ra2 Qg4 24. c4 Qe6 25. Re2 Qg4 26. a6 Qd4 27. Ra2 Qh4+ 28. Kd1 Qd4+ 29. Rd3 Qg1 30. Rf3 Kg7 31. a7 Qd4+ 32. Bd3 Qg1+ 33. Rf1 Qg4+ 34. Kc2 Qg2+ 35. Kb1 Qa8 36. Re1 Bd4 37. Be4 c6 38. Qa4 Qb7+ 39. Kc2 d5 40. Rb1 Qc7 41. Rd1 Be3 42. a8=Q Rxa8 43. Qxa8 dxe4 44. Qa5 Qh2+ 45. Kb1 Qh4 46. Qc3+ 1-0

[Event "CAN-op"]
[Site "Sackville CAN"]
[Date "2001.07.15"]
[Round "10"]
[White "Richard, Andy"]
[Black "Kekely, John"]
[Result "1-0"]
[WhiteElo "1675"]
[BlackElo "1903"]
[PlyCount "70"]
[GameId "2160767911564390"]
[EventDate "2001.07.07"]
[EventType "swiss"]
[EventRounds "10"]
[EventCountry "CAN"]
[SourceTitle "EXT 2006"]
[Source "ChessBase"]
[SourceDate "2005.11.24"]
[SourceVersion "1"]
[SourceVersionDate "2005.11.24"]
[SourceQuality "1"]

1. d4 Nf6 2. Nf3 e6 3. c4 Bb4+ 4. Nbd2 d5 5. a3 Be7 6. e3 O-O 7. b4 a5 8. b5 c5 9. Bb2 Nbd7 10. a4 Qc7 11. Rc1 Re8 12. cxd5 exd5 13. dxc5 Nxc5 14. Bxf6 Bxf6 15. Nb3 Be7 16. Qxd5 Be6 17. Qd1 Bxb3 18. Qxb3 Rac8 19. Qc2 Red8 20. Nd4 Qe5 21. Rd1 Ne4 22. Nf3 Rxc2 23. Nxe5 Bb4+ 24. Rd2 Rc1+ 25. Ke2 Rxd2+ 26. Kf3 Rxf2+ 27. Kxe4 Rfxf1 28. Rxf1 Rxf1 29. Nd3 f5+ 30. Kd4 Rd1 31. Kc4 Rxd3 32. Kxd3 Kf7 33. e4 fxe4+ 34. Kxe4 Ke6 35. h3 Kf6 1-0

[Event "CAN-op"]
[Site "Sackville CAN"]
[Date "2001.07.15"]
[Round "10"]
[White "Robertson, Matthew"]
[Black "Arseneau, Peter"]
[Result "1-0"]
[WhiteElo "2032"]
[BlackElo "1851"]
[PlyCount "101"]
[GameId "2160767911564391"]
[EventDate "2001.07.07"]
[EventType "swiss"]
[EventRounds "10"]
[EventCountry "CAN"]
[SourceTitle "EXT 2006"]
[Source "ChessBase"]
[SourceDate "2005.11.24"]
[SourceVersion "1"]
[SourceVersionDate "2005.11.24"]
[SourceQuality "1"]

1. d4 Nf6 2. c4 g6 3. Nc3 d5 4. Nf3 Bg7 5. Bg5 Ne4 6. cxd5 Nxg5 7. Nxg5 e6 8. Qd2 exd5 9. Qe3+ Qe7 10. Qxe7+ Kxe7 11. Nxd5+ Kd6 12. Nc3 Be6 13. e3 c6 14. Nce4+ Ke7 15. Nxe6 fxe6 16. f4 Nd7 17. Bc4 Nb6 18. Bb3 Nd5 19. Ke2 Rhe8 20. Rac1 Rac8 21. a3 Rc7 22. Rc2 h6 23. h4 Kd7 24. g3 Nf6 25. Nc5+ Kd6 26. e4 Nh5 27. e5+ Ke7 28. Kf3 Bh8 29. Nxe6 Rcc8 30. g4 Ng7 31. Nxg7 Bxg7 32. f5 gxf5 33. gxf5 Bf8 34. f6+ Kd8 35. Bf7 Kd7 36. Bxe8+ Rxe8 37. Kf4 Ke6 38. Ke4 Rd8 39. Rd2 Rd5 40. Rg1 b6 41. Rg8 Kf7 42. Rxf8+ Kxf8 43. Rc2 Rb5 44. b4 a5 45. Rxc6 axb4 46. axb4 Rxb4 47. Rc7 Rb1 48. e6 Re1+ 49. Kd3 Kg8 50. Rc8+ Kh7 51. e7 1-0

[Event "CAN-op"]
[Site "Sackville CAN"]
[Date "2001.07.15"]
[Round "10"]
[White "Smith, Jody"]
[Black "Love, Robert"]
[Result "0-1"]
[WhiteElo "1740"]
[BlackElo "1629"]
[PlyCount "80"]
[GameId "2160767911564393"]
[EventDate "2001.07.07"]
[EventType "swiss"]
[EventRounds "10"]
[EventCountry "CAN"]
[SourceTitle "EXT 2006"]
[Source "ChessBase"]
[SourceDate "2005.11.24"]
[SourceVersion "1"]
[SourceVersionDate "2005.11.24"]
[SourceQuality "1"]

1. d4 Nf6 2. c4 d6 3. Nc3 g6 4. g3 Bg7 5. Bg2 c6 6. e4 O-O 7. Nge2 a5 8. O-O Bd7 9. Qb3 Qc7 10. Bd2 e5 11. d5 c5 12. Rfc1 h5 13. Nb5 Bxb5 14. cxb5 b6 15. Nc3 Nbd7 16. a4 Rfc8 17. Qc4 Qd8 18. Bg5 Qf8 19. Bh3 Rc7 20. Nd1 Bh6 21. Bxh6 Qxh6 22. Ne3 Kg7 23. Qd3 c4 24. Rxc4 Nc5 25. Qc2 Ng4 26. Bxg4 hxg4 27. Nxg4 Qh3 28. Qe2 Rh8 29. f3 f5 30. exf5 gxf5 31. Nxe5 Re7 32. f4 dxe5 33. fxe5 Kg6 34. Ra3 Rxe5 35. Qf2 Re1+ 36. Qxe1 Qxh2+ 37. Kf1 Qh1+ 38. Ke2 Re8+ 39. Re3 Rxe3+ 40. Kxe3 Qxe1+ 0-1

[Event "CAN-op"]
[Site "Sackville CAN"]
[Date "2001.07.15"]
[Round "10"]
[White "Spencer, David"]
[Black "Carayanniotis, Jason"]
[Result "0-1"]
[WhiteElo "1546"]
[BlackElo "1454"]
[PlyCount "60"]
[GameId "2160767911564394"]
[EventDate "2001.07.07"]
[EventType "swiss"]
[EventRounds "10"]
[EventCountry "CAN"]
[SourceTitle "EXT 2006"]
[Source "ChessBase"]
[SourceDate "2005.11.24"]
[SourceVersion "1"]
[SourceVersionDate "2005.11.24"]
[SourceQuality "1"]

1. e4 d5 2. exd5 Qxd5 3. d4 Bf5 4. Nf3 Qe4+ 5. Kd2 g6 6. Bd3 Bh6+ 7. Kc3 Qc6+ 8. Bc4 b5 9. Ne5 Qb7 10. Bxb5+ Qxb5 11. Bxh6 Nxh6 12. Qf3 a5 13. Kd2 Ra6 14. Nc3 Qb6 15. Nd5 Qxd4+ 16. Nd3 Rc6 17. Rhe1 Be6 18. Nc3 Bg4 19. Qg3 Nf5 20. Qe5 Qxe5 21. Rxe5 Nh6 22. Rxa5 O-O 23. Ne5 Rd6+ 24. Ke1 Re6 25. Kf1 Nc6 26. Nxc6 Rxc6 27. Re1 Rd8 28. Rxe7 Be6 29. Ra7 Rc8 30. Nb5 Bc4+ 0-1

[Event "CAN-op"]
[Site "Sackville CAN"]
[Date "2001.07.15"]
[Round "10"]
[White "Strub, Michael"]
[Black "Caluza, Juni"]
[Result "0-1"]
[WhiteElo "1690"]
[BlackElo "1911"]
[PlyCount "79"]
[GameId "2160767911564395"]
[EventDate "2001.07.07"]
[EventType "swiss"]
[EventRounds "10"]
[EventCountry "CAN"]
[SourceTitle "EXT 2006"]
[Source "ChessBase"]
[SourceDate "2005.11.24"]
[SourceVersion "1"]
[SourceVersionDate "2005.11.24"]
[SourceQuality "1"]

1. d4 c5 2. Nf3 cxd4 3. Nxd4 e5 4. Nb3 d5 5. e3 Nf6 6. c4 Be6 7. cxd5 Bxd5 8. Nc3 Bb4 9. Bd2 Bc6 10. a3 Be7 11. f3 Qb6 12. Bc4 Na6 13. O-O O-O 14. Kh1 Rac8 15. e4 Kh8 16. Qe2 Nb8 17. Be3 Qc7 18. Bxa7 Nbd7 19. Bf2 Bxe4 20. Bxf7 Bxf3 21. Qxf3 Rxf7 22. Rac1 Qb8 23. Bg3 Rcf8 24. Qe2 Nh5 25. Rxf7 Nxg3+ 26. hxg3 Rxf7 27. Qb5 Qd6 28. Nd5 Bd8 29. Kg1 Nb6 30. Ne3 Bg5 31. Nc4 Nxc4 32. Qxc4 Be3+ 33. Kh2 Rc7 34. Qh4 Bxc1 35. Nxc1 Rxc1 36. b4 b5 37. Qh5 Qh6 38. g4 Rc3 39. Kg1 Qxh5 40. gxh5 0-1

[Event "CAN-op"]
[Site "Sackville CAN"]
[Date "2001.07.15"]
[Round "10"]
[White "Taylor, David"]
[Black "Laforest, Gilles"]
[Result "0-1"]
[WhiteElo "1406"]
[BlackElo "1488"]
[PlyCount "72"]
[GameId "2160767911564396"]
[EventDate "2001.07.07"]
[EventType "swiss"]
[EventRounds "10"]
[EventCountry "CAN"]
[SourceTitle "EXT 2006"]
[Source "ChessBase"]
[SourceDate "2005.11.24"]
[SourceVersion "1"]
[SourceVersionDate "2005.11.24"]
[SourceQuality "1"]

1. e4 c5 2. c3 d6 3. d4 cxd4 4. cxd4 Nf6 5. Nc3 e6 6. Be2 Nbd7 7. e5 dxe5 8. dxe5 Nxe5 9. Qxd8+ Kxd8 10. Bf4 Bd6 11. O-O-O Ke7 12. Nf3 Nfd7 13. Nb5 Nd3+ 14. Rxd3 Bxf4+ 15. Kb1 a6 16. Nbd4 Rd8 17. Rhd1 Ke8 18. Nb3 b6 19. Rd4 e5 20. R4d3 Bb7 21. g3 Bh6 22. Nh4 Be4 23. Bf3 Bxd3+ 24. Rxd3 Rac8 25. Nf5 Kf8 26. Rd6 Bg5 27. h4 Bf6 28. Bg4 h5 29. Bh3 Nc5 30. Nxc5 Rxc5 31. Rxd8+ Bxd8 32. Nd6 Rd5 33. Nc4 b5 34. Bg2 Rd4 35. Nxe5 Rd2 36. Nd7+ Rxd7 0-1

[Event "CAN-op"]
[Site "Sackville CAN"]
[Date "2001.07.15"]
[Round "10"]
[White "Thiede, Gunther"]
[Black "Lambert, Pierre Henry"]
[Result "1/2-1/2"]
[WhiteElo "1700"]
[BlackElo "1834"]
[PlyCount "91"]
[GameId "2160767911564397"]
[EventDate "2001.07.07"]
[EventType "swiss"]
[EventRounds "10"]
[EventCountry "CAN"]
[SourceTitle "EXT 2006"]
[Source "ChessBase"]
[SourceDate "2005.11.24"]
[SourceVersion "1"]
[SourceVersionDate "2005.11.24"]
[SourceQuality "1"]

1. e4 e5 2. Nf3 Nc6 3. d4 exd4 4. Nxd4 Bc5 5. Nf3 h6 6. c3 Qf6 7. Be2 Nge7 8. O-O O-O 9. Nbd2 d6 10. Nc4 Ng6 11. Be3 Bxe3 12. Nxe3 Be6 13. Nd5 Bxd5 14. exd5 Nce5 15. h3 Rfe8 16. g3 Nxf3+ 17. Bxf3 Re5 18. Bg2 Rae8 19. Qd4 a6 20. Qa7 Re2 21. Qxb7 Rc2 22. Rac1 Rxc1 23. Rxc1 Re2 24. Rf1 Ne5 25. Qxa6 Rxb2 26. Be4 Nf3+ 27. Bxf3 Qxf3 28. c4 Qf6 29. a4 Kh7 30. Qc6 Ra2 31. a5 Qd8 32. Qb5 Ra3 33. Re1 Qg5 34. Qb1+ f5 35. Qc1 Qxc1 36. Rxc1 Rxa5 37. Rc3 Kg6 38. h4 Kf6 39. f4 g5 40. Kf2 Ra2+ 41. Kf3 g4+ 42. Ke3 Ra1 43. Kd2 Ra2+ 44. Rc2 Ra3 45. Rc3 Ra2+ 46. Rc2 1/2-1/2

[Event "CAN-op"]
[Site "Sackville CAN"]
[Date "2001.07.15"]
[Round "10"]
[White "Tremblay, Brent"]
[Black "Gustafson, Dale"]
[Result "0-1"]
[WhiteElo "1634"]
[BlackElo "1860"]
[PlyCount "54"]
[GameId "2160767911564398"]
[EventDate "2001.07.07"]
[EventType "swiss"]
[EventRounds "10"]
[EventCountry "CAN"]
[SourceTitle "EXT 2006"]
[Source "ChessBase"]
[SourceDate "2005.11.24"]
[SourceVersion "1"]
[SourceVersionDate "2005.11.24"]
[SourceQuality "1"]

1. e4 e6 2. Qe2 Ne7 3. Nc3 d5 4. d4 dxe4 5. Be3 Nf5 6. O-O-O Bd6 7. Nxe4 O-O 8. g4 Nxe3 9. fxe3 b6 10. Bg2 Bb7 11. g5 Nd7 12. h4 a5 13. Nh3 Ra7 14. Rhg1 Qa8 15. Qg4 a4 16. Nf6+ Nxf6 17. gxf6 g6 18. Qg5 Kh8 19. h5 Rg8 20. Bxb7 Qxb7 21. hxg6 Rxg6 22. Qh4 c5 23. Ng5 h6 24. Nxe6 Kh7 25. Rxg6 fxg6 26. Rh1 h5 27. Rg1 Qf7 0-1

[Event "CAN-op"]
[Site "Sackville CAN"]
[Date "2001.07.15"]
[Round "10"]
[White "Tremblay, Eric"]
[Black "Chiasson, Marc"]
[Result "1-0"]
[WhiteElo "1440"]
[BlackElo "1250"]
[PlyCount "79"]
[GameId "2160767911564399"]
[EventDate "2001.07.07"]
[EventType "swiss"]
[EventRounds "10"]
[EventCountry "CAN"]
[SourceTitle "EXT 2006"]
[Source "ChessBase"]
[SourceDate "2005.11.24"]
[SourceVersion "1"]
[SourceVersionDate "2005.11.24"]
[SourceQuality "1"]

1. d4 d5 2. g3 Nc6 3. Bg2 Nf6 4. Nc3 e6 5. Nf3 Bb4 6. Bd2 O-O 7. O-O Re8 8. a3 Bd6 9. Bg5 h6 10. Bxf6 Qxf6 11. Re1 Ne7 12. Nb5 Rd8 13. c4 dxc4 14. e4 a6 15. e5 Bxe5 16. dxe5 Rxd1 17. exf6 Rxe1+ 18. Nxe1 Nd5 19. Bxd5 exd5 20. Nxc7 Rb8 21. fxg7 Bd7 22. Nxd5 b5 23. Nf6+ Kxg7 24. Nxd7 Rd8 25. Nc5 Ra8 26. Rd1 a5 27. Rd6 Rc8 28. Rd5 b4 29. axb4 axb4 30. Na6 b3 31. Rb5 Kf6 32. Kf1 Ke6 33. Ke2 Kd6 34. Kd2 Kc6 35. Rc5+ Kb7 36. Rxc8 Kxc8 37. Kc3 Kb7 38. Nb4 Kc7 39. Kxc4 Kd6 40. Kxb3 1-0

[Event "CAN-op"]
[Site "Sackville CAN"]
[Date "2001.07.15"]
[Round "10"]
[White "Tsui, Alick"]
[Black "Hendon, Lee"]
[Result "1-0"]
[WhiteElo "1585"]
[BlackElo "1516"]
[PlyCount "29"]
[GameId "2160767911564400"]
[EventDate "2001.07.07"]
[EventType "swiss"]
[EventRounds "10"]
[EventCountry "CAN"]
[SourceTitle "EXT 2006"]
[Source "ChessBase"]
[SourceDate "2005.11.24"]
[SourceVersion "1"]
[SourceVersionDate "2005.11.24"]
[SourceQuality "1"]

1. e4 c5 2. Nf3 d6 3. d4 cxd4 4. Nxd4 Nf6 5. Nc3 g6 6. Be2 Bg7 7. Bg5 Nc6 8. O-O O-O 9. Re1 Qb6 10. Nb3 Bd7 11. Be3 Qc7 12. Bg5 Rfb8 13. Bxf6 Bxf6 14. Nd5 Qa5 15. Nxa5 1-0

[Event "CAN-op"]
[Site "Sackville CAN"]
[Date "2001.07.15"]
[Round "10"]
[White "Tsui, Edwin"]
[Black "Sullivan, Brian"]
[Result "1-0"]
[WhiteElo "1879"]
[BlackElo "1738"]
[PlyCount "67"]
[GameId "2160767911564401"]
[EventDate "2001.07.07"]
[EventType "swiss"]
[EventRounds "10"]
[EventCountry "CAN"]
[SourceTitle "EXT 2006"]
[Source "ChessBase"]
[SourceDate "2005.11.24"]
[SourceVersion "1"]
[SourceVersionDate "2005.11.24"]
[SourceQuality "1"]

1. e4 c5 2. Nc3 d6 3. g3 Nc6 4. Bg2 Nf6 5. d3 Bd7 6. f3 e6 7. Nge2 Rc8 8. g4 h6 9. h4 Be7 10. Be3 d5 11. exd5 Nxd5 12. Nxd5 Bxh4+ 13. Rxh4 Qxh4+ 14. Bf2 Qh2 15. Ndf4 e5 16. Bg3 Qxg3+ 17. Nxg3 exf4 18. Nh5 O-O 19. Nxf4 Rfe8+ 20. Kd2 g5 21. Nd5 Re6 22. c3 Ne5 23. Qb3 Bc6 24. Re1 Rd8 25. c4 b5 26. Qc3 bxc4 27. Rxe5 Bxd5 28. Rxe6 Bxe6 29. Bf1 Rd5 30. Qxc4 Re5 31. Qa6 Rd5 32. Qxa7 c4 33. a4 Kg7 34. a5 1-0

[Event "CAN-op"]
[Site "Sackville CAN"]
[Date "2001.07.15"]
[Round "10"]
[White "Wang, Hao Yuan"]
[Black "Lipnowski, Michael"]
[Result "1-0"]
[WhiteElo "1248"]
[BlackElo "2032"]
[PlyCount "23"]
[GameId "2160767911564403"]
[EventDate "2001.07.07"]
[EventType "swiss"]
[EventRounds "10"]
[EventCountry "CAN"]
[SourceTitle "EXT 2006"]
[Source "ChessBase"]
[SourceDate "2005.11.24"]
[SourceVersion "1"]
[SourceVersionDate "2005.11.24"]
[SourceQuality "1"]

1. e4 Nf6 2. e5 Nd5 3. Nc3 e6 4. Nxd5 exd5 5. d4 d6 6. Bf4 dxe5 7. dxe5 Be7 8. Nf3 c5 9. Qd2 Nc6 10. h3 Be6 11. c3 Qc7 12. Bb5 1-0

[Event "CAN-op"]
[Site "Sackville CAN"]
[Date "2001.07.15"]
[Round "10"]
[White "Wiratunga, Sheran"]
[Black "Litt, Mathew"]
[Result "1-0"]
[WhiteElo "1422"]
[BlackElo "1134"]
[PlyCount "85"]
[GameId "2160767911564405"]
[EventDate "2001.07.07"]
[EventType "swiss"]
[EventRounds "10"]
[EventCountry "CAN"]
[SourceTitle "EXT 2006"]
[Source "ChessBase"]
[SourceDate "2005.11.24"]
[SourceVersion "1"]
[SourceVersionDate "2005.11.24"]
[SourceQuality "1"]

1. d4 d5 2. c4 e6 3. Nc3 c5 4. cxd5 exd5 5. Nf3 Nc6 6. e3 Nf6 7. Bb5 Bd7 8. dxc5 Bxc5 9. Nxd5 a6 10. Nxf6+ Qxf6 11. Bxc6 Bxc6 12. O-O O-O 13. Qb3 Rfe8 14. Nd2 Qg6 15. g3 b5 16. a4 Bd7 17. axb5 axb5 18. Rxa8 Rxa8 19. Qd1 Qc6 20. Nf3 Bh3 21. Re1 Bg4 22. Ne5 Bxd1 23. Nxc6 Bf3 24. Ne5 Bb4 25. Nxf3 Bxe1 26. Nxe1 Ra1 27. Bd2 Rb1 28. Bc3 Kf8 29. Kg2 Rd1 30. Nf3 g6 31. Ng5 h5 32. Nf3 Rd7 33. Nd4 Rb7 34. b4 Ke7 35. Kf3 f5 36. Kf4 Kf6 37. Nxf5+ Ke6 38. Nd4+ Kf6 39. Nxb5+ Ke6 40. Nd4+ Kf6 41. Nc6+ Ke6 42. Nd8+ Kd7 43. Nxb7 1-0

[Event "CYCC U08 w"]
[Site "Toronto CAN"]
[Date "2001.03.15"]
[Round "1"]
[White "Benggawan, Alexandra"]
[Black "Golts, Diana"]
[Result "1/2-1/2"]
[WhiteElo "1724"]
[BlackElo "1806"]
[PlyCount "36"]
[GameId "2160767911610401"]
[EventDate "2001.03.??"]
[EventType "tourn"]
[EventRounds "7"]
[EventCountry "CAN"]
[SourceTitle "EXT 2006"]
[Source "ChessBase"]
[SourceDate "2005.11.24"]
[SourceVersion "1"]
[SourceVersionDate "2005.11.24"]
[SourceQuality "1"]

1. e4 e5 2. Nf3 Nc6 3. Nc3 Nf6 4. d4 exd4 5. Nxd4 Nxd4 6. Qxd4 d6 7. Bg5 Be7 8. O-O-O O-O 9. Bc4 Nd7 10. Bxe7 Qxe7 11. Nd5 Qd8 12. h4 Re8 13. f3 Ne5 14. Bb3 Be6 15. Qc3 c6 16. Nf4 Bxb3 17. Qxb3 Qe7 18. Nd3 Nxd3+ 1/2-1/2

[Event "CYCC U08 w"]
[Site "Toronto CAN"]
[Date "2001.03.15"]
[Round "1"]
[White "Ho, Patricia"]
[Black "Goutor, Valentina"]
[Result "1-0"]
[WhiteElo "1119"]
[BlackElo "1687"]
[PlyCount "75"]
[GameId "2160767911610402"]
[EventDate "2001.03.??"]
[EventType "tourn"]
[EventRounds "7"]
[EventCountry "CAN"]
[SourceTitle "EXT 2006"]
[Source "ChessBase"]
[SourceDate "2005.11.24"]
[SourceVersion "1"]
[SourceVersionDate "2005.11.24"]
[SourceQuality "1"]

1. e4 d6 2. d4 Nf6 3. Nc3 g6 4. Nf3 Bg7 5. Bc4 O-O 6. O-O Nc6 7. Be3 Ng4 8. Qe2 Nxe3 9. Qxe3 Bg4 10. d5 Ne5 11. Nd2 Bd7 12. Be2 f5 13. Rac1 f4 14. Qd4 Nf3+ 15. Nxf3 Bxd4 16. Nxd4 c5 17. Ne6 Bxe6 18. dxe6 Qc8 19. Nd5 Rb8 20. Nxe7+ Kg7 21. Nxc8 Rbxc8 22. Bc4 f3 23. Rfd1 Rc6 24. Bd5 Rc7 25. Bc4 Rf4 26. gxf3 Rxf3 27. Rxd6 Rf8 28. Rcd1 Kf6 29. e7+ Kxe7 30. Re6+ Kf7 31. Rc6+ Kg7 32. Rxc7+ Kf6 33. Rxc5 b6 34. Rcd5 h5 35. h4 Rc8 36. Be2 Rxc2 37. R1d2 Rc1+ 38. Kg2 1-0

[Event "CYCC U08 w"]
[Site "Toronto CAN"]
[Date "2001.03.15"]
[Round "1"]
[White "Smith, Hazel"]
[Black "Woodworth, Claire"]
[Result "1-0"]
[WhiteElo "1717"]
[BlackElo "1136"]
[PlyCount "79"]
[GameId "2160767911610403"]
[EventDate "2001.03.??"]
[EventType "tourn"]
[EventRounds "7"]
[EventCountry "CAN"]
[SourceTitle "EXT 2006"]
[Source "ChessBase"]
[SourceDate "2005.11.24"]
[SourceVersion "1"]
[SourceVersionDate "2005.11.24"]
[SourceQuality "1"]

1. e4 c6 2. d4 d5 3. Nd2 dxe4 4. Nxe4 Bf5 5. Ng3 Bg6 6. h4 h6 7. h5 Bh7 8. f4 Nf6 9. f5 Qb6 10. Nf3 Nbd7 11. Bd3 c5 12. Ne2 e6 13. fxe6 Qxe6 14. Bxh7 Nxh7 15. Qd3 Nhf6 16. Be3 Qb6 17. O-O-O Be7 18. Kb1 Ng4 19. Bg1 Bf6 20. Qe4+ Qe6 21. Qxe6+ fxe6 22. dxc5 Rc8 23. Rd6 Ke7 24. Nf4 Ke8 25. Rxe6+ Kf7 26. Rd6 Rhd8 27. Ne6 Be7 28. Nxd8+ Rxd8 29. Rd4 Ngf6 30. Rd1 Ke8 31. Bd4 Ne4 32. Rhe1 Ng3 33. Bxg7 Nxh5 34. Bxh6 Nxc5 35. Rxd8+ Kxd8 36. Bg5 Bxg5 37. Nxg5 Nf4 38. g3 Nh5 39. Nf7+ Kd7 40. Re5 1-0